000 00687nam a2200205 i 4500
001 65342
003 ES-MaACL
005 20230906165342.0
007 t|
008 040112s1918 sp ||||1| spa d
100 1 _aFrench, H.
_952504
245 1 0 _aIndice de diagnóstico diferencial fundado en los principales síntomas /
_cbajo la dirección de H. French ; traducida por Francisco Tous Biaggi.
260 _a[S.l. :
_bs.n.,
_c1918]
300 _a2 v., 36 lám. :
_bil. ;
_c25 cm.
490 1 _aGuía del médico práctico
700 1 _aTous Biaggi, Francisco.
_9111157
830 0 _aGuía del médico práctico
_9182962
852 _aES-MaACL
_jB-11565-6
999 _c65342
_d65342